00382nam a2200145Ia 4500003000400000005001700004008004100021040000900062082002000071100002000091245001700111260005600128630001800184650003400202OSt20230714174014.0211118s9999||||xx |||||||||||||| ||und|| csbcl a891.432 bVER-A aVerma, Surendra 0aAathvan Sarg bRadhakrishna Prakashan Private LimitedaDelhic1999 xGeneral Stack aHindi Literaturevhindi drama